000 00709nam a2200205Ii 4500
020 _a080312029X
040 _cCWR
082 _a620 MIT 1996 A044 Or.
245 0 0 _aAdvances in fatigue lifetime predictive techniques.
300 _aviii, 347 pages :
_billustrations ;
_c24 cm
490 1 _aSTP ;
500 _a"Papers presented at the third Symposium on Advances in Fatigue Lifetime Predictive Techniques, held in Montreal, Quebec on 16-17 May 1994"--Foreword
500 _a"ASTM publication code number (PCN): 04-012920-30."
650 0 _aService life (Engineering)
650 0 _aMaterials
650 0 _aFracture mechanics
700 1 _aMitchell, M. R.
700 1 _aLandgraf, R. W.
942 _cEK
999 _c12919
_d12919